| 000 | 006340000a22002050004500 | ||
|---|---|---|---|
| 090 |
_aAR _b03683 |
||
| 245 | 1 | 0 | _aInfluence of natural products upon drug discovery |
| 500 | _a<Colección Recursos Genéticos> | ||
| 650 | 1 | 4 |
_aMedicina tradicional _994033 |
| 650 | 1 | 4 |
_aProductos naturales _992303 |
| 650 | 1 | 4 |
_aHistoria de las drogas _997432 |
| 650 | 1 | 4 |
_aBioquímica _993680 |
| 650 | 1 | 4 |
_aFarmaceútica _995799 |
| 041 | 0 | _aInglés | |
| 700 | 1 |
_aCragg, Gordon M. _993664 |
|
| 700 | 1 |
_aSnader, Kenneth M. _997433 |
|
| 100 | 1 |
_aNewman, David J. _997434 |
|
| 942 | _cARTICULO | ||
| 773 | 1 |
_tNatural Product Reports _h3 _q215-234 _d2000 _g17 |
|
| 999 |
_c12730 _d12730 |
||